Score 0/18 Timer 03:00
4 Plays Today
% Correct
One Fish Two Fish Red Fish Blue Fish
93.5%
The Hunt for Red October
81.5%
The Scarlet Letter
79.1%
A Study in Scarlet
75.3%
Nancy Drew and the Secret of Red Gate Farm
70.3%
The Masque of the Red Death
69.7%
Clifford the Big Red Dog
55.1%
The Red Badge of Courage
54.2%
Red Dragon
50.7%
% Correct
The Red Pony
46.2%
A Red, Red Rose
45.7%
Blood Meridian or the Evening Redness in the West
41.2%
Where the Red Fern Grows
35.8%
The Scarlet Pimpernel
35.1%
The Ransom of Red Chief
29.5%
Red Harvest
26.3%
The Red Wheelbarrow
25.3%
The Red and the Black
24.9%
Remove Ads.
Support Sporcle.
Get the best of Sporcle when you Go Orange. This ad-free experience offers more features, more stats, and more fun while also helping to support Sporcle. Thank you for becoming a member.

You're not logged in!

Compare scores with friends on all Sporcle quizzes.
OR
Log In

Sporcle TV

Today on Sporcle TV


Watch our educational content, quiz creation guides, and fun videos on Sporcle TV.

Show Comments

Extras

Top Quizzes Today


Score Distribution

Paid Content

Your Account Isn't Verified!

In order to create a playlist on Sporcle, you need to verify the email address you used during registration. Go to your Sporcle Settings to finish the process.

Report this User

Report this user for behavior that violates our Community Guidelines.

Details: